Βιβλιοθήκη Αλεξάνδρου Παπαναστασίου : κατάλογος

Αποθηκεύτηκε σε:
Λεπτομέρειες βιβλιογραφικής εγγραφής
Συγγραφή απο Οργανισμό/Αρχή: Αριστοτέλειο Πανεπιστήμιο Θεσσαλονίκης. Σχολή Νομικών και Οικονομικών Επιστημών. Τμήμα Νομικής
Άλλοι συγγραφείς: Αναστασιάδης, Γιώργος Ολ., 1944-2021 (Επιμελητής έκδοσης), Μητρούδη, Αγνή (edtf)
Μορφή: Βιβλίο
Γλώσσα:Greek
Δημοσίευση: Θεσσαλονίκη : Παρατηρητής, 1984.
Θέματα:
Ετικέτες: Προσθήκη ετικέτας
Δεν υπάρχουν, Καταχωρήστε ετικέτα πρώτοι!

MARC

LEADER 00000cam a2200000 i 4500
001 1/3200
008 960311s1984 gr | ||| |||| ||gre||
035 |l 10015134 
040 |a GR-MyUa  |b gre  |e AAR2 
041 0 |a gre 
082 7 |a 027.009   |2 (22) 
245 0 0 |a Βιβλιοθήκη Αλεξάνδρου Παπαναστασίου :  |b κατάλογος /  |c εποπτεία Δ. Σ. Κωνσταντόπουλος, Α.Ι. Τάχος ; επιμέλεια Γ. Αναστασιάδης, Α. Μητρούδη. 
260 |a Θεσσαλονίκη :   |b Παρατηρητής,   |c 1984. 
300 |a 493 σ.  |c 21 εκ. 
600 1 0 |a Παπαναστασίου, Αλέξανδρος,   |d 1876-1936. 
650 0 0 |a Library catalogs. 
700 1 |a Αναστασιάδης, Γιώργος Ολ.,   |d 1944-2021,  |e edt 
700 1 |a Μητρούδη, Αγνή,  |e edtf 
710 2 |a Αριστοτέλειο Πανεπιστήμιο Θεσσαλονίκης.   |b Σχολή Νομικών και Οικονομικών Επιστημών.  |b Τμήμα Νομικής. 
852 |a INST  |b LESVOS  |e 19960311  |h 027.009 ΒΙΒ  |p 005100006485  |q 005100006485  |t BK  |y 0 
922 |a 1ΕΛΗ  |b 199108  |c ΠΠ/1124